000 00307nam a2200133Ia 4500
008 240624s9999 xx 000 0 und d
041 _aeng
082 _a658.155 BEL
100 _aBELL DAVID E
245 _aRISK MANAGEMENT
260 _c1955
_aSingapore
_bThomson Asia
300 _axvi, : 263
365 _cRS
999 _c2059
_d2059